| 000 | 00965nam a2200277Ia 4500 | ||
|---|---|---|---|
| 003 | OSt | ||
| 005 | 20221005103450.0 | ||
| 006 | a|||||r|||| 00| 0 | ||
| 007 | ta | ||
| 008 | 221004b |||||||| |||| 00| 0 hin d | ||
| 020 |
_a9789386470553 (hbk) _cIndian Rupees 200 |
||
| 024 | _a44197 | ||
| 037 |
_bGift, 07/06/2019, _cTextual |
||
| 040 |
_aCRL _cCRL _bhin |
||
| 041 |
_2hin _ahin |
||
| 082 | _aO152,1N46x, Q7 | ||
| 100 | _aअरोड़ा, सुधा, ले. | ||
| 245 | 0 | _aकम से कम एक दरवाज़ा | |
| 246 | _aKam se kam ek daravāज़ā | ||
| 260 |
_aजयपुर _bबोधि प्रकाशन भारत _c2017 |
||
| 300 |
_a144पृ0 _ccm. |
||
| 650 | _a हिन्दी साहित्य | ||
| 650 | _aहिन्दी कविता | ||
| 942 |
_hO152,1N46x, Q7 _cTEXL _2cc |
||
| 999 |
_c1010118 _d1010118 |
||